Efektívne hľadanie viacerých najkratších ciest v orientovanom ohodnotenom grafe pomocou Dijkstrovho algoritmu v C# .NET aplikácii

Dijkstrov algoritmus. Moźnosti efektívne vyhľadávať viaceré najkratšie cesty v orientovanom ohodnotenom grafe pomocou Dijkstrov algoritmu. Exekučná efektívnosť spôsobov vyhľadávania.

Salvato in:
Dettagli Bibliografici
Autore principale: Košťál, Igor, 1962-
Natura: Capitolo di libro
Lingua:slovacco
Soggetti:
Tags: Aggiungi Tag
Nessun Tag, puoi essere il primo ad aggiungerne!!

MARC

LEADER 00000naa a2200000 4500
001 0280525
005 20240502074344.2
041 0 |a slo 
044 |a SK 
245 1 0 |a Efektívne hľadanie viacerých najkratších ciest v orientovanom ohodnotenom grafe pomocou Dijkstrovho algoritmu v C# .NET aplikácii  |c Igor Košťál 
520 |a Dijkstrov algoritmus. Moźnosti efektívne vyhľadávať viaceré najkratšie cesty v orientovanom ohodnotenom grafe pomocou Dijkstrov algoritmu. Exekučná efektívnosť spôsobov vyhľadávania. 
610 2 0 |a grafy 
610 2 0 |a efektívnosť 
610 2 0 |a algoritmy 
100 1 |a Košťál, Igor, 1962-